The helmsmen at the National Institute
Guardat en:
| Autor principal: | |
|---|---|
| Format: | Llibre |
| Idioma: | anglès |
| Publicat: |
National Institute for policy and strategic studies (Nigeria) – Biography
|
| Etiquetes: |
Afegir etiqueta
Sense etiquetes, Sigues el primer a etiquetar aquest registre!
|
MARC
| LEADER | 00000nam a22000007a 4500 | ||
|---|---|---|---|
| 008 | 201210b ||||| |||| 00| 0 eng d | ||
| 100 | |a BRIGGS, Dunbo A. | ||
| 245 | |a The helmsmen at the National Institute |c Dunbo A. Briggs.- Kuru |g , vi,142p. | ||
| 260 | |b National Institute for policy and strategic studies (Nigeria) – Biography |h , 2004 |i 688827 |l JQ3090 .B76 |m National Institute for policy and strategic studies | ||
| 942 | |a lcc |c BK |e Olagoke,M A |f 10/12/2020 | ||
| 952 | |0 0 |1 0 |2 lcc |4 0 |6 JQ3090 B76 |7 0 |9 281 |a HOL |b HOL |c QZ |d 2020-12-10 |l 0 |o JQ3090 .B76 |p 2020-2019 |r 2020-12-10 00:00:00 |w 2020-12-10 |y BK | ||
| 999 | |c 120 |d 120 | ||